<?xml version="1.0" encoding="UTF-8"?>
<record
    xmlns:xsi="http://www.w3.org/2001/XMLSchema-instance"
    xsi:schemaLocation="http://www.loc.gov/MARC21/slim http://www.loc.gov/standards/marcxml/schema/MARC21slim.xsd"
    xmlns="http://www.loc.gov/MARC21/slim">

  <leader>00389nam a22001577a 4500</leader>
  <controlfield tag="003">OSt</controlfield>
  <controlfield tag="005">20250908141503.0</controlfield>
  <controlfield tag="008">250908b        |||||||| |||| 00| 0 eng d</controlfield>
  <datafield tag="020" ind1=" " ind2=" ">
    <subfield code="a">9789355738783</subfield>
  </datafield>
  <datafield tag="040" ind1=" " ind2=" ">
    <subfield code="c"> </subfield>
  </datafield>
  <datafield tag="082" ind1=" " ind2=" ">
    <subfield code="2">2</subfield>
    <subfield code="a">657.31</subfield>
    <subfield code="b">NAR</subfield>
  </datafield>
  <datafield tag="245" ind1=" " ind2=" ">
    <subfield code="a">Financial statements and analysis</subfield>
    <subfield code="c">Narasimhan,M.S</subfield>
  </datafield>
  <datafield tag="250" ind1=" " ind2=" ">
    <subfield code="a">2</subfield>
  </datafield>
  <datafield tag="260" ind1=" " ind2=" ">
    <subfield code="b">Cengage</subfield>
    <subfield code="c">2024</subfield>
  </datafield>
  <datafield tag="942" ind1=" " ind2=" ">
    <subfield code="2">ddc</subfield>
    <subfield code="c">BK</subfield>
    <subfield code="e">2</subfield>
    <subfield code="k">657.31</subfield>
    <subfield code="m">NAR</subfield>
    <subfield code="n">0</subfield>
  </datafield>
  <datafield tag="999" ind1=" " ind2=" ">
    <subfield code="c">36244</subfield>
    <subfield code="d">36244</subfield>
  </datafield>
  <datafield tag="952" ind1=" " ind2=" ">
    <subfield code="0">0</subfield>
    <subfield code="1">0</subfield>
    <subfield code="2">ddc</subfield>
    <subfield code="4">0</subfield>
    <subfield code="7">0</subfield>
    <subfield code="8">Computers</subfield>
    <subfield code="a">1234</subfield>
    <subfield code="b">428</subfield>
    <subfield code="d">2025-09-08</subfield>
    <subfield code="g">595.00</subfield>
    <subfield code="i">AO/25/8/360 dt 1.9.2025</subfield>
    <subfield code="l">1</subfield>
    <subfield code="o">657.31/NAR</subfield>
    <subfield code="p">26772</subfield>
    <subfield code="r">2025-09-19</subfield>
    <subfield code="s">2025-09-11</subfield>
    <subfield code="w">2025-09-08</subfield>
    <subfield code="y">BK</subfield>
  </datafield>
  <datafield tag="952" ind1=" " ind2=" ">
    <subfield code="0">0</subfield>
    <subfield code="1">0</subfield>
    <subfield code="2">ddc</subfield>
    <subfield code="4">0</subfield>
    <subfield code="7">0</subfield>
    <subfield code="8">Computers</subfield>
    <subfield code="a">1234</subfield>
    <subfield code="b">CRCE</subfield>
    <subfield code="d">2025-09-08</subfield>
    <subfield code="g">595.00</subfield>
    <subfield code="i">AO/25/8/360 dt 1.9.2025</subfield>
    <subfield code="l">1</subfield>
    <subfield code="o">657.31/NAR</subfield>
    <subfield code="p">26773</subfield>
    <subfield code="r">2026-06-01</subfield>
    <subfield code="s">2025-09-11</subfield>
    <subfield code="w">2025-09-08</subfield>
    <subfield code="y">BK</subfield>
  </datafield>
</record>
